000 00654nam a2200241 i 4500
001 C2-0061546
003 PPAK
005 20190630222109.0
008 970302s1984 nyua|||| ||||| | eng d
020 _a013797101X
040 _aPPAK
_beng
_cPPAK
_erda
082 0 4 _a574.90946
_223
090 0 0 _a574.90946
_bCOU
_dG
100 1 _aCoulombe, Deborah A,
_eauthor
245 1 4 _aThe seaside naturalist
264 1 _aNew York :
_bPrentice Hall ,
_c1984
300 _a246 pages :
_billustrations ;
_c28 cm
336 _2rdacontent
_atext
337 _2rdamedia
_aunmediated
338 _2rdacarrier
_avolume
650 1 0 _aSeashore biology
942 _ddc
_cB
999 _c7140
_d7140